000 00387nam a22001697a 4500
003 MPLRDC
005 20220104114616.0
008 210129b ||||| |||| 00| 0 eng d
082 _a544.8 YZW
100 _a叶哲武编译
245 _a第二春
_c
250 _a第二版
260 _a
_b源成文化图书供应社
_c1979
300 _b
650 _a
942 _cBK
_o544.8 YZW
999 _c8820
_d8810